000 00857nam a22002657a 4500
001 4929
003 FISKH
005 20241025112803.0
008 241025b cb ||||| |||| 00| 0 eng d
020 _a9780439928762
040 _aFISKH
_beng
_cFISKH
_dFISKH
050 _aPZ7.B882323
082 _a813.6
100 _aBuckley, Michael
245 _aThe Fairy-Tale Detectives /
_cby Michael Buckley
250 _aFirst Scholastic printing, January 2007
260 _aNew York :
_bScholastic ;
_c2007 .
300 _a284 pages :
_billustrations ;
_c20 cm .
490 _aThe Sisters Grimm
520 _aOrphans Sabrina and Daphne Grimm are sent to live with an eccentric grandmother that they have always believed to be dead.
650 _achildren
_vfiction
700 _aFerguson, Peter
_ePhotographer
942 _2ddc
_cBK
_n0
999 _c4929
_d4929